Religion and reason (Record no. 58124)

MARC details
000 -LEADER
fixed length control field 00349nam a2200145Ia 4500
008 - FIXED-LENGTH DATA ELEMENTS--GENERAL INFORMATION
fixed length control field 230917s9999||||xx |||||||||||||| ||und||
040 ## - CATALOGING SOURCE
-- 142540
Original cataloging agency VIVEKANANDA LIBRARY
041 ## - Language
-- English
082 ## - DDC NUMBER
Classification number 200.1 S28R
100 ## - MAIN ENTRY--PERSONAL NAME
Personal name Prasad, Sajiwan
245 #0 - TITLE STATEMENT
Title Religion and reason
260 ## - PUBLICATION, DISTRIBUTION, ETC. (IMPRINT)
Place of publication, distribution, etc Delhi
Name of publisher, distributor, etc Eastern book linkers
Date of publication, distribution, etc 1987
300 ## - PHYSICAL DESCRIPTION
Pages 209p p.
942 ## - ADDED ENTRY ELEMENTS (KOHA)
Koha item type Books
Holdings
Withdrawn status Lost status Damaged status Not for loan Location (home branch) Sublocation or collection (holding branch) Date acquired Koha issues (times borrowed) Koha full call number Accession No. Koha date last seen Koha item type
        VIVEKANANDA LIBRARY VIVEKANANDA LIBRARY 04/03/2010   200.1 S28R 128520 17/09/2023 Books
© Designed and Maintained by Vivekananda Library, MDU Rohtak